| 000 | 00460nam a2200193Ia 4500 | ||
|---|---|---|---|
| 005 | 20250425161418.0 | ||
| 008 | 250425s9999 xx 000 0 und d | ||
| 020 | _a0931790026 | ||
| 041 | _aeng | ||
| 082 | _a697.78 | ||
| 100 | _aSHURCLIFF, WILLIAM A. | ||
| 245 | 0 | _aNEW INVENTIONS IN LOW-COST SOLAR HEATING | |
| 250 | _aS.E. | ||
| 260 | _aANDOVER | ||
| 260 |
_aEstados Unidos _bBRICK HOUSE _c1979 |
||
| 300 | _a293 | ||
| 942 | _c01 | ||
| 010 | _a19725 | ||
| 999 |
_c208730 _d208730 |
||